Clash Royale Cards by Picture - Statistics

General Stats
  • This quiz has been taken 1,975 times
  • The average score is 90 of 124
Answer Stats
Picture Answer % Correct
Bats
95%
Zap
95%
Fisherman
94%
Hog Rider
93%
Monk
93%
Skeletons
93%
Ice Spirit
90%
Vines
90%
Lava Hound
89%
Prince
89%
Barbarians
88%
Goblin Hut
88%
Sparky
88%
The Log
88%
Zappies
88%
Bandit
87%
Goblins
87%
Goblin Gang
86%
Mortar
86%
Princess
86%
Valkyrie
86%
Bomber
85%
Freeze
85%
Executioner
84%
Minions
84%
Rage
84%
Magic Archer
83%
Skeleton Barrel
83%
Wizard
83%
Archer Queen
82%
Clone
82%
Electro Dragon
82%
Inferno Tower
82%
Musketeer
82%
Tornado
82%
X-Bow
82%
Archers
81%
Cannon
81%
Dark Prince
81%
Knight
81%
Lumberjack
81%
Arrows
80%
Fire Spirit
80%
Little Prince
80%
Electro Wizard
79%
Mirror
79%
Rascals
79%
Spear Goblins
79%
Witch
79%
Bowler
78%
Hunter
78%
Miner
78%
Mother Witch
78%
Wall Breakers
78%
Goblin Barrel
77%
Golem
77%
Phoenix
77%
Void
77%
Giant
76%
Night Witch
76%
Skeleton Army
76%
Tesla
76%
Ice Golem
75%
Baby Dragon
74%
Balloon
74%
Suspicious Bush
74%
Tombstone
74%
Boss Bandit
73%
Fireball
73%
Goblin Cage
73%
Goblin Curse
73%
Barbarian Hut
72%
Electro Giant
72%
Inferno Dragon
72%
Royal Delivery
72%
Three Musketeers
72%
Battle Ram
71%
Berserker
71%
Goblin Giant
71%
Mighty Miner
71%
Mini P.E.K.K.A.
71%
Goblin Machine
70%
Golden Knight
70%
Cannon Cart
69%
Goblinstein
69%
Elixir Golem
68%
Goblin Drill
68%
Rune Giant
68%
Goblin Demolisher
67%
Graveyard
67%
Skeleton Dragons
66%
Heal Spirit
64%
Royal Chef
64%
Mega Knight
63%
Spirit Empress
63%
Ice Wizard
62%
Mega Minion
62%
P.E.K.K.A.
62%
Ram Rider
62%
Rocket
61%
Lightning
59%
Royal Recruits
59%
Firecracker
56%
Flying Machine
56%
Giant Skeleton
56%
Elite Barbarians
55%
Guards
55%
Minion Horde
55%
Royal Ghost
55%
Royal Giant
55%
Dart Goblin
54%
Poison
53%
Skeleton King
53%
Barbarian Barrel
52%
Bomb Tower
52%
Electro Spirit
52%
Giant Snowball
52%
Elixir Collector
50%
Dagger Duchess
49%
Earthquake
49%
Furnace
47%
Battle Healer
45%
Tower Princess
45%
Cannoneer
42%
No matching quizzes found
Score Distribution
Percent of People with Each Score
Percentile by Number Answered
Your Score History
You have not taken this quiz